| 000 | 00479nam a2200193Ia 4500 | ||
|---|---|---|---|
| 999 |
_c12294 _d12294 |
||
| 003 | GCL | ||
| 005 | 20240530095934.0 | ||
| 008 | 140319s9999 xx 000 0 eng d | ||
| 040 |
_aGCL / _cGCL |
||
| 082 | 0 | 4 |
_a701.17 _bW A |
| 100 | 1 | _aWOLFF, JANET | |
| 245 | 1 | 0 |
_aAESTHETICS AND THE SOCIOLOGY OF ART / _cWOLFF, JANET |
| 260 |
_a[S.N] : _bMACMILIAN ، _c1994 |
||
| 300 | _a130\P | ||
| 650 | 0 | 4 | _aART - SOCIOLOGY |
| 650 | 0 | 4 | _aARTS |
| 650 | 0 | 4 | _aAESTHETICS |
| 942 |
_2ddc _cBK |
||